Trabajadores vulnerables y sector informal: de lo económico y lo normativo
Saved in:
| Main Authors: | , |
|---|---|
| Format: | Bog |
| Sprog: | spansk |
| Udgivet: |
Santiago
OIT
1995
|
| Fag: | |
| Tags: |
Tilføj Tag
Ingen Tags, Vær først til at tagge denne postø!
|
MARC
| LEADER | 00000nam a2200000 a 4500 | ||
|---|---|---|---|
| 001 | UCM0071 | ||
| 003 | CL-VaPUC | ||
| 008 | 020108e19950000CL |||||||||||||||||spa|d | ||
| 082 | 0 | 4 | |a 331.2 |b MEZ |2 21 |
| 100 | |a Mezzera, Jaime |e autor |9 466707 | ||
| 700 | 0 | |a Vega-Ruiz, María Luz |e author |9 466708 | |
| 245 | 1 | 0 | |a Trabajadores vulnerables y sector informal: de lo económico y lo normativo |
| 300 | |a 17 p | ||
| 942 | |c BK | ||
| 945 | |d 20020108 00:00:00 |a cmena | ||
| 260 | |a Santiago |b OIT |c 1995 | ||
| 650 | 7 | |a CONDICIONES DE EMPLEO |2 CL-VaPUC |9 342232 | |
| 650 | 0 | |a Trabajadores |9 260887 | |
| 650 | 7 | |a DERECHO LABORAL |2 CL-VaPUC |9 15 | |
| 583 | |a last modification |c 20020108 00:00:00 |k Rodrigo Vera | ||
| 999 | |c 299134 |d 299132 | ||
| 952 | |0 0 |1 0 |4 0 |6 331_200000000000000_MEZ_1995 |7 0 |8 A |9 355324 |a BIBGIM |b BIBGIM |d 2019-11-21 |i 3787303 |l 1 |o 331.2 MEZ 1995 |p 3787303 |r 2025-01-15 |s 2023-09-05 |w 2019-11-21 |y BK |k GIM | ||